A bahá'í tanítói
Elmentve itt :
| Dokumentumtípus: | Cikk |
|---|---|
| Megjelent: |
1991-07-18
|
| Sorozat: | Délmagyarország
81 No. 167 |
| Kulcsszavak: | Egyetemi klub |
| Online Access: | http://dmarchiv.bibl.u-szeged.hu/81819 |
| LEADER | 00389nab a2200145 i 4500 | ||
|---|---|---|---|
| 001 | delm81819 | ||
| 005 | 20190930093639.0 | ||
| 008 | 190930s1991 hu o 0|| hun d | ||
| 040 | |a SZTE Délmagyarország Archívum |b hun | ||
| 041 | |a hun | ||
| 245 | 0 | 2 | |a A bahá'í tanítói |h [elektronikus dokumentum] |
| 260 | |c 1991-07-18 | ||
| 300 | |a 5 | ||
| 490 | 0 | |a Délmagyarország |v 81 No. 167 | |
| 695 | |a Egyetemi klub | ||